Loading...

Ee lokam athiloru manushyan (m)

Bibliographic Details
Main Author: Mukundan, M
Format: Printed Book
Published: Kozhikode Poorna Publications 1989
Subjects:
LEADER 00437nam a2200157 4500
082 |a 8M3 MUK.M-E 
100 |a Mukundan, M 
245 |a Ee lokam athiloru manushyan (m) 
250
260 |a Kozhikode  |b Poorna Publications  |c 1989 
300
490
650 |a Malayalam fiction 
942 |c BK 
999 |c 230980  |d 230980 
952 |0 0  |1 0  |4 0  |6 8M3_MUK_ME  |7 0  |9 245113  |a SDE  |b SDE  |d 2019-12-12  |l 0  |o 8M3 MUK.M-E  |p SDE10381  |r 2019-12-12  |w 2019-12-12  |y BK